000 00721nam a2200205Ii 4500
003 JO-AjNU
008 230605s9999||||xx |||||||||||||| ||und||
040 _aJO-AjNU
_bara
_erda
_cJO-AjNU
041 _aara
050 1 4 _aBP173.75.Q27 2009
100 3 _aالقره داغي، علي محي الدين علي ,
_eauthor
_928966
245 0 0 _aبحوث في الإقتصاد الإسلامي
250 _aط3
264 3 1 _aبيروت: دار البشائر الإسلامية للطباعة والنشر والتوزيع، 2009
300 _a431ص
336 _atext
_btxt
_2rdacontent
337 _aunmediated
_bn
_2rdamedia
338 _avolume
_bnc
_2rdacarrier
650 4 _aالاقتصاد الاسلامي
_928967
999 _aA11301
_c14869
_d14869